000
003190000a22001450004500
005
20120302054510.0
942
_c
BOOK
245
_a
Kalyan:Varsha-40 Dharmanka
260
_a
Gorakhpur:Geeta,1966.
300
_a
700p.
040
_a
HIN
650
_a
Sankirna
650
_a
Maasik-Sankirna
650
_a
Upnishada-Anka
999
_c
345794
_d
345791